000 00945nam a2200265Ia 4500
003 OSt
005 20220923220840.0
006 a|||||r|||| 00| 0
007 ta
008 220922b |||||||| |||| 00| 0 hin d
024 _a191,283
037 _cTextual
040 _aARTS
_cARTS
_bhin
041 _2hin
_ahin
082 _aV1:19.N3, 152J9;N4
100 _aकार, ई0 एच0
245 0 _aदो विश्व-युद्धो के बीचअन्तर्राट्रीय सम्बन्ध
246 _aDo vishva-yuddho ke bīchaantarrāṭrīya sambandha
260 _aआगरा
_b लक्ष्मी नारायण अग्रवाल
_c1959
300 _a235पृ.
_ccm.
650 _a विश्व-इतिहास
650 _aविश्व-इतिहास
942 _hV1:19.N3, 152J9;N4
_cTEXL
_2CC
999 _c343990
_d343990